Bí quyết thành công từ chứng khoán Việt Nam : Kinh nghiệm thực tế; Kỹ năng phân tích; Làm chủ tình thế; Hướng dẫn dùng Metastock

Gorde:
Xehetasun bibliografikoak
Egile nagusia: Thanh Tùng
Formatua: Liburua
Hizkuntza:Undetermined
Argitaratua: Hà Nội Lao động - Xã hội 2007
Gaiak:
Etiketak: Etiketa erantsi
Etiketarik gabe, Izan zaitez lehena erregistro honi etiketa jartzen!
Thư viện lưu trữ: Trung tâm Học liệu Trường Đại học Cần Thơ
LEADER 00768nam a2200205Ia 4500
001 CTU_123708
008 210402s9999 xx 000 0 und d
020 |c 35000 
082 |a 332.642 
082 |b B300 
100 |a Thanh Tùng 
245 0 |a Bí quyết thành công từ chứng khoán Việt Nam : 
245 0 |b Kinh nghiệm thực tế; Kỹ năng phân tích; Làm chủ tình thế; Hướng dẫn dùng Metastock 
245 0 |c Thanh Tùng (Biên soạn) 
260 |a Hà Nội 
260 |b Lao động - Xã hội 
260 |c 2007 
650 |a Stock exchanges,Bank marketing,Stock market,Thị trường chứng khoán 
904 |i Giang 
980 |a Trung tâm Học liệu Trường Đại học Cần Thơ